Cities In Landlocked Countries - Sudden Death - Statistics

General Stats
  • This quiz has been taken 52 times
    50 since last reset
  • The average score is 13 of 15
Answers on the Grid
Answers color-coded by a green-red scale on the quiz's grid according to % correct below.
Astana
Chișinău
Salzburg
Bamako
Lusaka
Minsk
Belgrade
Kathmandu
Zurich
Addis Ababa
Amman
Prague
Khartoum
Sucre
Niamey
Beijing
Tokyo
Juba
Quito
Kraków
Hamburg
Sydney
Lagos
São Paulo
Muscat
Baghdad
Karachi
Dar es Salaam
Windhoek
Vientiane
 
Answer Stats
Answer % Correct
Czech Republic Prague
92%
Switzerland Zurich
92%
Serbia Belgrade
89%
Belarus Minsk
89%
Laos Vientiane
87%
Austria Salzburg
84%
Bolivia Sucre
84%
Kazakhstan Astana
82%
Moldova Chișinău
82%
South Sudan Juba
82%
Nepal Kathmandu
82%
Niger Niamey
82%
Ethiopia Addis Ababa
76%
Zambia Lusaka
76%
Mali Bamako
74%
No matching quizzes found
Score Distribution
Percent of People with Each Score
Percentile by Number Answered
Your Score History
You have not taken this quiz since the last reset